Opinion Paper: Unifying Management Theory and Existential Thought: Insights from Mintzberg and Becker
Tento článok skúma pretrvávajúci vplyv rámca manažérskych úloh Henryho Mintzberga jeho integráciou so skúmaním existenciálnych tém Ernesta Beckera, pričom zdôrazňuje ich význam v dnešnom podnikateľskom prostredí formovanom technologickým pokrokom a vyvíjajúcou sa organizačnou dynamikou. Vývoj manažé...
Saved in:
| Main Author: | |
|---|---|
| Other Authors: | |
| Format: | Book Chapter |
| Language: | English |
| Subjects: | |
| Tags: |
No Tags, Be the first to tag this record!
|
MARC
| LEADER | 00000naa$a2200000$$$4500 | ||
|---|---|---|---|
| 001 | 0305413 | ||
| 005 | 20241203125538.0 | ||
| 041 | 0 | |a eng | |
| 044 | |a US | ||
| 245 | 1 | 0 | |a Opinion Paper: Unifying Management Theory and Existential Thought: Insights from Mintzberg and Becker |c Ján Holý, Vladimír Bolek |
| 520 | |a Tento článok skúma pretrvávajúci vplyv rámca manažérskych úloh Henryho Mintzberga jeho integráciou so skúmaním existenciálnych tém Ernesta Beckera, pričom zdôrazňuje ich význam v dnešnom podnikateľskom prostredí formovanom technologickým pokrokom a vyvíjajúcou sa organizačnou dynamikou. Vývoj manažérskych praktík v reakcii na výzvy, ako je umelá inteligencia a digitálna komunikácia, zdôrazňuje potrebu spojenia Mintzbergových princípov s modernými perspektívami pre efektívnu adaptáciu. Spojením Mintzbergovho zamerania na organizačné štruktúry s Beckerovým pohľadom na ľudské správanie, príspevok zdôrazňuje dôležitosť symboliky a holistického chápania pri interpretácii manažérskych akcií a existenčných obáv. | ||
| 610 | 2 | 0 | |a manažment |
| 610 | 2 | 0 | |a riadenie |
| 610 | 2 | 0 | |a podnikanie |
| 610 | 2 | 0 | |a rast produktivity práce |
| 610 | 2 | 0 | |a organizácia personálna |
| 610 | 2 | 0 | |a myslenie ekonomické |
| 100 | 1 | |a Holý, Ján, 1980- | |
| 700 | 1 | |a Bolek, Vladimír, 1988- | |